000 00615nam a2200229Ia 4500
003 OSt
005 20221005131224.0
006 a|||||r|||| 00| 0
007 ta
008 221004b |||||||| |||| 00| 0 eng d
024 _a32162
037 _cTextual
040 _aCRL
_cCRL
_beng
041 _2eng
_aeng
082 _a902, L2 close section
100 _aGodden Jon
_956267
245 0 _aShiva's pigeons
_bAn experience of India.
260 _c1972
700 _a Godden Rumer
942 _h902, L2 close section
_cTEXL
_2cc
999 _c1059688
_d1059688